| 000 | 00475nam a2200157Ia 4500 | ||
|---|---|---|---|
| 008 | 170224s9999 xx 000 0 und d | ||
| 100 | _aSeok Ho Lee | ||
| 245 | _aWhen ideology meets bottom line: analysis on market competition and ideological bias in newspapers | ||
| 245 | _cSeok Ho Lee | ||
| 260 | _bAsian Journal of Communication | ||
| 260 | _c2016 | ||
| 300 | _a26:5,Pages: 407-426 | ||
| 500 | _a2016 | ||
| 650 | _xCommunication Arts | ||
| 650 | _xMultimedia Arts | ||
| 999 |
_c316314 _d316314 |
||